LEADER 02980nam 2200565 a 450 001 9910145590703321 005 20170816114855.0 010 $a1-281-06958-2 010 $a9786611069582 010 $a0-470-69246-4 010 $a0-470-76637-9 035 $a(CKB)1000000000407284 035 $a(EBL)320107 035 $a(OCoLC)437192683 035 $a(SSID)ssj0000246921 035 $a(PQKBManifestationID)11206654 035 $a(PQKBTitleCode)TC0000246921 035 $a(PQKBWorkID)10188978 035 $a(PQKB)11652036 035 $a(MiAaPQ)EBC320107 035 $a(PPN)192399705 035 $a(EXLCZ)991000000000407284 100 $a20070208d2007 uy 0 101 0 $aeng 135 $aur|n|---||||| 181 $ctxt 182 $cc 183 $acr 200 14$aThe small screen$b[electronic resource] $ehow television equips us to live in the information age /$fBrian L. Ott 210 $aMalden, MA $cBlackwell Pub.$d2007 215 $a1 online resource (216 p.) 300 $aDescription based upon print version of record. 311 $a1-4051-6155-8 311 $a1-4051-6154-X 320 $aIncludes bibliographical references (p. [172]-188) and index. 327 $aThe Small Screen : How Television Equips Us to Live in the Information Age; Contents; Preface; 1 Television and Social Change; The Times They Are a-Changin'; Television as Public Discourse; 2 Life in the Information Age; The Information Explosion; Society through the Lens of Technocapitalism; Social Anxieties in the Information Age; 3 Hyperconscious Television; Embracing 'the Future': The Attitude of Yes; The Simpsons as Exemplar; Symbolic Equipments in Hyperconscious TV; 4 Nostalgia Television; Celebrating 'the Past': The Attitude of No; Dr. Quinn, Medicine Woman as Exemplar 327 $aSymbolic Equipments in Nostalgia TV5 Television and the Future; (Re)Viewing the Small Screen; Life and Television in the Twenty-First Century; The Next Great Paradigm Shift?; References; Index 330 $aTelevision is one of the most important socializing forces in contemporary culture. This book is a cultural history of prime-time television in America during the 1990s. Examines changes that took place in programming, such as the rapid adoption of cable, the proliferation of content providers, the development of niche marketing, the introduction of high-definition television, the blurring of traditional genres, and the creation of new formats like reality-based programming Argues that television programmes of the 1990s afforded viewers a symbolic resource for negotiati 606 $aTelevision broadcasting$xSocial aspects 615 0$aTelevision broadcasting$xSocial aspects. 676 $a302.23/45 676 $a302.2345 700 $aOtt$b Brian L$0941284 801 0$bMiAaPQ 801 1$bMiAaPQ 801 2$bMiAaPQ 906 $aBOOK 912 $a9910145590703321 996 $aThe small screen$92123136 997 $aUNINA LEADER 03133nam 2200409z- 450 001 9910404253603321 005 20210212 010 $a85-7541-642-1 035 $a(CKB)5280000000211503 035 $a(oapen)https://directory.doabooks.org/handle/20.500.12854/59126 035 $a(NjHacI)995280000000211503 035 $a(oapen)doab59126 035 $a(EXLCZ)995280000000211503 100 $a20202102d2019 |y 0 101 0 $apor 135 $aurmn|---annan 181 $ctxt$2rdacontent 182 $cc$2rdamedia 183 $acr$2rdacarrier 200 00$aSeguranc?a do paciente : criando organizac?o?es de sau?de seguras 210 $cSciELO Books - Editora FIOCRUZ$d2019 215 $a1 online resource 311 08$a85-8432-062-8 330 $aPromover, proteger e recuperar a sau?de e? o que se espera dos servic?os de sau?de. Por isso, provoca espanto quando se fala que o processo de cuidado em sau?de pode causar incidentes com danos. Alguns perigos sa?o inerentes a esse processo - por exemplo, os efeitos colaterais conhecidos de determinados medicamentos. Outros podem ser conseque?ncias de erros, que acontecem em qualquer ramo de atividade, inclusive na sau?de. Para fazer frente a? freque?ncia e a? magnitude desses problemas, deve-se disseminar a cultura da seguranc?a nos servic?os de sau?de, com o objetivo de melhorar a qualidade e os resultados desses servic?os. Importantes contribuic?o?es nesse sentido podem ser encontradas nestes dois volumes. Os livros sa?o desdobramento de um curso internacional de especializac?a?o em qualidade em sau?de e seguranc?a do paciente, oferecido na modalidade a dista?ncia (EAD) no a?mbito de uma parceria entre a Escola Nacional de Sau?de Pu?blica da Fundac?a?o Oswaldo Cruz e a Escola Nacional de Sau?de Pu?blica da Universidade Nova de Lisboa. Especialistas brasileiros e portugueses produziram materiais dida?ticos para o curso, pois se verificou uma escassez de publicac?o?es sobre essas tema?ticas, sobretudo em li?ngua portuguesa. Contudo, os materiais ganharam vida pro?pria, independente do curso. Estruturadas de modo a suprir as reais necessidades de formac?a?o de me?dicos, enfermeiros, farmace?uticos, profissionais das tecnologias da sau?de e gestores, as coleta?neas te?m por base conhecimentos e evide?ncias que refletem o atual estado da arte em seguranc?a do paciente. Os leitores - na?o so? do Brasil e de Portugal, mas de toda a Comunidade dos Pai?ses de Li?ngua Portuguesa (CPLP) - encontrara?o subsi?dios para que, no dia a dia, mudanc?as na pra?tica dos cuidados resultem em servic?os mais seguros em todos os pontos da atenc?a?o a? sau?de. 517 $aSegurança do paciente 517 $aSegurança do paciente 606 $aMedicine$2bicssc 615 7$aMedicine 676 $a610.8 700 $aWalter Mendes$4auth$01278575 702 $aPaulo Sousa$4auth 801 0$bNjHacI 801 1$bNjHacl 906 $aBOOK 912 $a9910404253603321 996 $aSegurança do paciente : criando organizações de saúde seguras$93016216 997 $aUNINA